| 000 | 03966nam a22006015i 4500 | ||
|---|---|---|---|
| 001 | 978-3-319-52680-5 | ||
| 003 | DE-He213 | ||
| 005 | 20210118134256.0 | ||
| 007 | cr nn 008mamaa | ||
| 008 | 170803s2017 gw | s |||| 0|eng d | ||
| 020 |
_a9783319526805 _9978-3-319-52680-5 |
||
| 024 | 7 |
_a10.1007/978-3-319-52680-5 _2doi |
|
| 050 | 4 | _aR895-920 | |
| 072 | 7 |
_aMMPH _2bicssc |
|
| 072 | 7 |
_aMED019000 _2bisacsh |
|
| 072 | 7 |
_aMKSH _2thema |
|
| 082 | 0 | 4 |
_a616.0757 _223 |
| 245 | 1 | 0 |
_aPancreatic Imaging _h[electronic resource] : _bA Pattern-Based Approach to Radiologic Diagnosis with Pathologic Correlation / _cedited by Atif Zaheer, Elliot K. Fishman, Meredith E. Pittman, Ralph H. Hruban. |
| 250 | _a1st ed. 2017. | ||
| 264 | 1 |
_aCham : _bSpringer International Publishing : _bImprint: Springer, _c2017. |
|
| 300 |
_aXV, 449 p. 210 illus., 125 illus. in color. _bonline resource. |
||
| 336 |
_atext _btxt _2rdacontent |
||
| 337 |
_acomputer _bc _2rdamedia |
||
| 338 |
_aonline resource _bcr _2rdacarrier |
||
| 347 |
_atext file _bPDF _2rda |
||
| 505 | 0 | _aParenchymal abnormalities: Focal hypodense mass -- Diffuse Pancreatic hypodensity -- Cystic mass -- Solid hyperenhancing mass -- Gastrinoma -- Diffuse enlargement -- Ductal abnormalities -- Diffuse abnormalities -- Focal abnormalities. | |
| 520 | _aThis comprehensive teaching atlas covers virtually all pancreatic anatomy (including variants) and diseases in a pattern-based radiologic approach. Cases are presented as “unknowns”, allowing the reader to analyze the findings and learn key points. Each teaching case includes a brief clinical history, images, a description of imaging findings, differential diagnoses, final diagnosis with images of gross pathology, and a discussion of key teaching points. The presented images have been acquired with the full range of relevant modalities, including state of the art technologies such as multidetector row dual-phase CT, 3D reformatting, and multiple MRI sequences. The book will help radiologists, radiology residents and fellows to sharpen their diagnostic skills by looking at a vast array of pathology from a major tertiary hospital (Johns Hopkins) and will also assist in preparation for radiology board examinations. | ||
| 650 | 0 | _aRadiology. | |
| 650 | 0 | _aGastroenterology . | |
| 650 | 0 | _aEndocrinology . | |
| 650 | 1 | 4 |
_aDiagnostic Radiology. _0http://scigraph.springernature.com/things/product-market-codes/H29013 |
| 650 | 2 | 4 |
_aGastroenterology. _0http://scigraph.springernature.com/things/product-market-codes/H33061 |
| 650 | 2 | 4 |
_aEndocrinology. _0http://scigraph.springernature.com/things/product-market-codes/H33053 |
| 700 | 1 |
_aZaheer, Atif. _eeditor. _4edt _4http://id.loc.gov/vocabulary/relators/edt |
|
| 700 | 1 |
_aFishman, Elliot K. _eeditor. _4edt _4http://id.loc.gov/vocabulary/relators/edt |
|
| 700 | 1 |
_aPittman, Meredith E. _eeditor. _4edt _4http://id.loc.gov/vocabulary/relators/edt |
|
| 700 | 1 |
_aHruban, Ralph H. _eeditor. _4edt _4http://id.loc.gov/vocabulary/relators/edt |
|
| 710 | 2 | _aSpringerLink (Online service) | |
| 773 | 0 | _tSpringer eBooks | |
| 776 | 0 | 8 |
_iPrinted edition: _z9783319526782 |
| 776 | 0 | 8 |
_iPrinted edition: _z9783319526799 |
| 776 | 0 | 8 |
_iPrinted edition: _z9783319849614 |
| 856 | 4 | 0 | _uhttps://doi.org/10.1007/978-3-319-52680-5 |
| 912 | _aZDB-2-SME | ||
| 999 |
_c448874 _d448874 |
||
| 942 | _cEB | ||
| 506 | _aAvailable to subscribing member institutions only. Доступно лише організаціям членам підписки. | ||
| 506 | _fOnline access from local network of NaUOA. | ||
| 506 | _fOnline access with authorization at https://link.springer.com/ | ||
| 506 | _fОнлайн-доступ з локальної мережі НаУОА. | ||
| 506 | _fОнлайн доступ з авторизацією на https://link.springer.com/ | ||